|
|
|
|
| LEADER |
01292nam a2200301 a 4500 |
| 001 |
1145009 |
| 008 |
101129s1996 nyua b 001 0 eng d |
| 010 |
|
|
|a 95040845
|
| 020 |
|
|
|a 047112365X (cloth : acidb-sfree peper)
|
| 040 |
|
|
|a DLC
|c DLC
|d DLC
|d DLC
|d BD-DhAAL
|
| 082 |
0 |
0 |
|a 004.6
|2 21
|
| 100 |
1 |
|
|a FitzGerald, Jerry,
|d 1936-
|
| 245 |
1 |
0 |
|a Business data communications and networking /
|c Jerry FitzGerald, Alan Dennis.
|
| 250 |
|
|
|a 5th ed.
|
| 260 |
|
|
|a New York :
|b Wiley,
|c c1996.
|
| 300 |
|
|
|a xix, 562 p. :
|b ill. (some col.) ;
|c 22 cm.
|
| 500 |
|
|
|a Rev. ed. of: Business data communications, 4th ed. c1993.
|
| 504 |
|
|
|a Includes bibliographical references and index.
|
| 541 |
|
|
|e 00007633
|
| 650 |
|
0 |
|a Data transmission systems.
|
| 650 |
|
0 |
|a Computer networks.
|
| 650 |
|
0 |
|a Office practice
|x Automation.
|
| 700 |
1 |
|
|a Dennis, Alan.
|
| 700 |
1 |
|
|a FitzGerald, Jerry,
|d 1936-
|t Business data communications.
|
| 852 |
4 |
|
|a Ayesha Abed Library
|j General shelf
|
| 999 |
|
|
|c 10105
|d 10105
|
| 952 |
|
|
|0 0
|1 0
|2 ddc
|4 1
|6 004_600000000000000_FIT
|7 0
|9 13357
|a BRACUL
|b BRACUL
|c SPS
|d 2010-12-01
|l 0
|o 004.6 FIT
|p 3010007633
|r 2010-12-01
|t 1
|w 2010-12-01
|y BK
|
| 952 |
|
|
|0 0
|1 0
|2 ddc
|4 1
|6 004_600000000000000_FIT
|7 0
|9 13358
|a BRACUL
|b BRACUL
|c SPS
|d 2010-12-01
|l 0
|o 004.6 FIT
|p 3010007634
|r 2010-12-01
|t 2
|w 2010-12-01
|y BK
|